Export Ready — 

Brickstamps of Constantinople /

Saved in:

Main Author: Bardill, Jonathan (Author)

Format: Book

Language: English

Published: Oxford ; New York : Oxford University Press, 2004.

Series: Oxford monographs on classical archaeology.

Subjects:

Tags: Add Tag

No Tags, Be the first to tag this record!

Call Number: DR729 .B37 v.1-2

LEADER 00955namaa2200289 4500
001 22368
003 OSt
005 20260125134814.0
008 130303s2004 enkabe bc 001 0 eng d
020 |a 0199255245 (set) 
040 |c ARCE Library 
043 |a a-tu--- 
050 4 |a DR729 .B37 v.1-2 
100 1 |a Bardill, Jonathan,  |e author  |9 26242 
245 1 0 |a Brickstamps of Constantinople /  |c Jonathan Bardill. 
264 1 |a Oxford ;  |a New York :  |b Oxford University Press,  |c 2004. 
300 |a 2 volumes :   |b Illustrations, map, plans ;   |c 29 cm. 
490 0 |a Oxford monographs on classical archaeology. 
504 |a Includes bibliographical references and indexes. 
505 0 |a V. 1. Text -- v. 2. Illustrations. 
555 |a Nabil 
650 0 |a Brick stamps  |z Turkey  |z Istanbul  |v Catalogs. 
650 0 |a Brick stamps  |z Turkey  |z Istanbul  |x History. 
651 0 |a Istanbul (Turkey)  |x Antiquities. 
901 |a reviewed 
942 |c BK  |2 lcc 
999 |c 21354  |d 21354